Dr. Batch File's ultimate collection / (Record no. 541585)
[ view plain ]
| 000 -LEADER | |
|---|---|
| fixed length control field | 00782cam a2200205 a 4500 |
| 020 ## - INTERNATIONAL STANDARD BOOK NUMBER | |
| International Standard Book Number | 0830641122 (hard) |
| 020 ## - INTERNATIONAL STANDARD BOOK NUMBER | |
| International Standard Book Number | 0830641130 (pbk.) : |
| 082 00 - DEWEY DECIMAL CLASSIFICATION NUMBER | |
| Classification number | 004 |
| Author Mark | RIC |
| -- | Don |
| 100 1# - MAIN ENTRY--PERSONAL NAME | |
| Personal name | Richardson, Ronny. |
| 9 (RLIN) | 36553 |
| 245 10 - TITLE STATEMENT | |
| Title | Dr. Batch File's ultimate collection / |
| Statement of responsibility, etc. | Ronny Richardson. |
| 250 ## - EDITION STATEMENT | |
| Edition statement | 1st ed. |
| 260 ## - PUBLICATION, DISTRIBUTION, ETC. | |
| Place of publication, distribution, etc. | Blue Ridge Summit, PA : |
| Name of publisher, distributor, etc. | Windcrest/McGraw-Hill, |
| Date of publication, distribution, etc. | c1993. |
| 300 ## - PHYSICAL DESCRIPTION | |
| Extent | xix, 406 p. ; |
| Dimensions | 24 cm. + |
| Accompanying material | 1 computer disk (3 1/2 in.) |
| 500 ## - GENERAL NOTE | |
| General note | Includes index. |
| 500 ## - GENERAL NOTE | |
| General note | System requirements for computer disk: IBM PC or compatible; DOS (3.3 or higher recommended). |
| 526 ## - STUDY PROGRAM INFORMATION NOTE | |
| Program name | 0 |
| Interest level | 0 |
| Reading level | 0 |
| Title point value | 004_000000000000000_RIC |
| 650 #0 - SUBJECT ADDED ENTRY--TOPICAL TERM | |
| Topical term or geographic name entry element | Electronic data processing |
| General subdivision | Batch processing. |
| 9 (RLIN) | 36554 |
| 650 #0 - SUBJECT ADDED ENTRY--TOPICAL TERM | |
| Topical term or geographic name entry element | File organization (Computer science) |
| 9 (RLIN) | 36555 |
| 942 ## - ADDED ENTRY ELEMENTS (KOHA) | |
| Source of classification or shelving scheme | |
| Koha item type | Book |
| Withdrawn status | Lost status | Source of classification or shelving scheme | Damaged status | Not for loan | Permanent Location | Current Location | Date acquired | Total Checkouts | Full call number | Barcode | Date last seen | Price effective from | Koha item type |
|---|---|---|---|---|---|---|---|---|---|---|---|---|---|
| Military College of Engineering (MCE) | Military College of Engineering (MCE) | 08/15/2013 | 004 RIC | MCE-34651 | 08/15/2013 | 08/15/2013 | Book |
